000 00590nam a2200181 i 4500
001 26600
003 ES-MaACL
005 20230906153453.0
007 t|
008 030109s1917 gw ||||1| ger d
100 1 _aAvenarius, Richard.
_924014
245 1 0 _aPhilosophie als Denken der Welt gemèab dem prinzip des kleinsten kraftmasses
_b: prolegomena zu einer kritik der reinen erfahrung /
_cvon Richard Avenarius.
250 _a3. aufl.
260 _aBerlín :
_bJ. Guttentag,
_c1917.
300 _a85 p. ;
_c24 cm.
650 4 _aEpistemología.
_912338
852 _aES-MaACL
_j1645-F-17
999 _c26600
_d26600